000 00586nam a2200181 a 4500
001 000016338
005 20200929164359.0
008 100303s1965 cl a 000 0 spa d
040 _aDO-SdBNP
_bspa
_cBNPHU
082 _axxx
_bB817d
100 1 _aBrandenburg, Frank
_936446
245 1 0 _aDesarrollo de la empresa privada latinoamericana /
_cFrank Brandenburg; traducción Theodore Geiger.
260 _aBogotá :
_bTercer Mundo,
_c1965.
300 _a191 p. :
_bil. ;
_c24 cm.
500 _aIncluye notas al pie de páginas
700 1 _aGeiger, Theodore
_etrad.
_936447
049 _aBNPD
999 _c15873
_d15873